Wypisz pokemony z danej genracji: Johto (generacja 2) - Statystyki

Ogólne statystyki
  • Ten quiz został rozwiązany 285 razy
    163 od ostatniego zresetowania
  • Średni wynik to 54 z 100
Statystyki odpowiedzi
Nr. Nr. w pokedex Pokémon % Poprawnych
#001 #152 Chikorita
93%
#007 #158 Totodile
91%
#004 #155 Cyndaquil
88%
#003 #154 Meganium
87%
#099 #250 Ho-Oh
86%
#002 #153 Bayleef
84%
#098 #249 Lugia
82%
#005 #156 Quilava
80%
#008 #159 Croconaw
75%
#006 #157 Typhlosion
75%
#100 #251 Celebi
74%
#093 #244 Entei
74%
#009 #160 Feraligatr
72%
#089 #240 Magby
72%
#057 #208 Steelix
72%
#012 #163 Hoothoot
71%
#095 #246 Larvitar
71%
#021 #172 Pichu
71%
#097 #248 Tyranitar
71%
#088 #239 Elekid
70%
#094 #245 Suicune
70%
#011 #162 Furret
68%
#096 #247 Pupitar
68%
#092 #243 Raikou
68%
#013 #164 Noctowl
67%
#010 #161 Sentret
67%
#046 #197 Umbreon
65%
#030 #181 Ampharos
64%
#022 #173 Cleffa
64%
#028 #179 Mareep
64%
#045 #196 Espeon
62%
#086 #237 Hitmontop
62%
#016 #167 Spinarak
61%
#061 #212 Scizor
60%
#015 #156 Ledian
59%
#014 #165 Ledyba
58%
#017 #168 Ariados
57%
#063 #214 Heracross
57%
#048 #199 Slowking
57%
#031 #182 Bellossom
55%
#029 #180 Flaaffy
55%
#078 #229 Houndoom
55%
#090 #241 Miltank
55%
#024 #175 Togepi
55%
#035 #186 Politoed
54%
#034 #185 Sudowoodo
54%
#023 #174 Igglybuff
53%
#079 #230 Kingdra
53%
#025 #176 Togetic
53%
#050 #201 Unown
53%
#018 #169 Crobat
52%
#077 #228 Houndour
52%
#047 #198 Murkrow
51%
#085 #236 Tyrogue
51%
#067 #218 Slugma
50%
#069 #220 Swinub
50%
#053 #204 Pineco
49%
#091 #242 Blissey
48%
#087 #238 Smoochum
48%
#033 #184 Azumarill
47%
#020 #171 Lanturn
47%
#032 #183 Marill
47%
#041 #192 Sunflora
47%
#019 #170 Chinchou
46%
#036 #187 Hoppip
46%
#068 #219 Magcargo
46%
#070 #221 Piloswine
46%
#037 #188 Skiploom
46%
#038 #189 Jumpluff
45%
#082 #233 Porygon2
45%
#027 #178 Xatu
45%
#026 #177 Natu
43%
#076 #227 Skarmory
43%
#040 #191 Sunkern
43%
#054 #205 Forretress
42%
#049 #200 Misdreavus
42%
#080 #231 Phanpy
41%
#059 #210 Granbull
40%
#066 #217 Ursaring
40%
#043 #194 Wooper
40%
#071 #222 Corsola
39%
#081 #232 Donphan
39%
#064 #215 Sneasel
39%
#058 #209 Snubbull
39%
#073 #224 Octillery
38%
#072 #223 Remoraid
38%
#083 #234 Stantler
37%
#074 #225 Dellibird
36%
#052 #203 Girafarig
36%
#065 #216 Teddiursa
36%
#056 #207 Gligar
35%
#044 #195 Quagsire
35%
#075 #226 Mantine
34%
#051 #202 Wobbuffet
34%
#042 #193 Yanma
33%
#039 #190 Aipom
29%
#084 #235 Smeargle
28%
#055 #206 Dunsparce
23%
#060 #211 Qwilfish
23%
#062 #213 Shuckle
16%
Nie znaleziono quizów pasujących do podanych kryteriów
Rozkład punktacji
Procent ludzi z każdym wynikiem
Percentyl według liczby udzielonych odpowiedzi
Twoja historia wyników
Nie rozwiązałeś tego quizu od ostatniego zresetowania